La Divina Commedia /
Guardat en:
| Autor principal: | |
|---|---|
| Altres autors: | |
| Format: | Llibre |
| Idioma: | italià |
| Publicat: |
La Spezia :
F.lli Melita,
[1994]
|
| Etiquetes: |
Sense etiquetes, Sigues el primer a etiquetar aquest registre!
|
MARC
| LEADER | 00000nam a22000007i 4500 | ||
|---|---|---|---|
| 001 | IT\ICCU\CFI\0283582 | ||
| 003 | ItRI | ||
| 005 | 20250908190123.0 | ||
| 008 | 941118s1994 it |||||| ||||| |||||c | ||
| 020 | |a 8840374973 | ||
| 020 | |a 8840392920 | ||
| 040 | |b ita |c ct | ||
| 041 | 7 | |a ita |2 ISO-639-2 | |
| 100 | 1 | |a Alighieri, Dante |0 IT\ICCU\CFIV\008732 |4 aut | |
| 240 | 1 | 0 | |a Divina Commedia |9 Alighieri, Dante |
| 245 | 1 | 3 | |a La Divina Commedia / |c Dante Alighieri ; illustrazioni di Gustave Doré. |
| 260 | |a La Spezia : |b F.lli Melita, |c [1994] | ||
| 300 | |a 350 p. : |b ill. ; |c 19 cm. | ||
| 700 | 1 | |a Doré, Gustave |0 IT\ICCU\CFIV\014343 | |
| 942 | |2 ddc |c BK | ||
| 952 | |0 0 |1 0 |2 ddc |4 0 |6 B_LPS01ALIDADIV11 |7 0 |9 9161 |a MI |b MI |d 2012-06-11 |i 6344 |l 0 |o B-LPS01-ALIDA-DIV11 |p CDOM6344 |r 2025-07-17 21:50:00 |w 2025-07-17 |x DONO |y BK | ||
| 981 | 1 | |6 z01 |a i |b xxxe | |
| 982 | 1 | |6 z01 |a n | |
| 999 | |c 7634 |d 7634 | ||